| 000 | 00394nam a22001457a 4500 | ||
|---|---|---|---|
| 008 | 250605b |||||||| |||| 00| 0 eng d | ||
| 020 | _a9788131302354 | ||
| 050 |
_aQC 30 _b.D39 |
||
| 100 | _aDayal Deepak | ||
| 245 | _aModern method of teaching physics | ||
| 260 |
_aNew Delhi _bAPH Publishing corporation _c2020 |
||
| 300 | _a228p | ||
| 650 | _aPhysics- study and teaching | ||
| 942 | _cBK | ||
| 999 |
_c3801 _d3801 |
||